000 01445cam a2200349 a 4500
001 EDZ0000159461
003 StDuBDS
005 20161031105251.0
006 m||||||||d||||||||
007 cr |||||||||||
008 130912s1997 cau fo| 001|0|eng|d
020 _a9781483327952 (ebook) :
_cNo price
040 _aStDuBDS
_beng
_cStDuBDS
_epn
049 _aAlfaisal Main Library
050 0 _aP106
_b.M27 1997
082 0 4 _a410.1
_223
100 1 _aMackenzie, I. E.
245 1 0 _aIntroduction to linguistic philosophy
_h[electronic resource] /
_cI.E. Mackenzie.
246 3 0 _aLinguistic philosophy
260 _aThousand Oaks, Calif. :
_bSAGE,
_c1997.
300 _a1 online resource (xv, 245 p.)
504 _aIncludes bibliographical references and index.
520 8 _aProviding an account of major philosophical issues, this essential textbook bridges the gap between linguistics and the philosophy of language. This book presents the theories of leading linguistic analysts such as Wittgenstein, Frege, Russell, Carnap and Quine.
521 _aSpecialized.
588 _aDescription based on print version record.
650 0 _aLanguage and languages
_xPhilosophy.
655 7 _aElectronic books.
_2local
710 2 _aSage eBooks
776 0 8 _iPrint version :
_z9780761901747
856 4 0 _uhttp://ezproxy.alfaisal.edu/login?url=http://sk.sagepub.com/books/introduction-to-linguistic-philosophy
942 _2lcc
_cEBOOKS
999 _c483094
_d483094